La capital (Record no. 58699)

MARC details
000 -LEADER
campo de control de longitud fija 00620nam a2200193 i 4500
001 - NÚMERO DE CONTROL
campo de control 58699
003 - IDENTIFICADOR DE NÚMERO DE CONTROL
campo de control ES-MaACL
005 - FECHA Y HORA DE LA ÚLTIMA TRANSACCIÓN
campo de control 20240518063029.0
007 - CAMPO FIJO DE DESCRIPCIÓN FÍSICA--INFORMACIÓN GENERAL
campo de control de longitud fija t|
008 - DATOS DE LONGITUD FIJA--INFORMACIÓN GENERAL
campo de control de longitud fija 031023s1930 sp ||||1| spa d
100 1# - ENTRADA PRINCIPAL--NOMBRE DE PERSONA
Nombre de persona Queirós, Eça de,
Fechas asociadas al nombre 1845-1900
9 (RLIN) 94499
245 13 - MENCIÓN DEL TÍTULO
Título La capital
Resto del título : (novela) /
Mención de responsabilidad, etc. José María Eça de Queiroz ; traducción de W. Fernández Flórez.
260 ## - PUBLICACIÓN, DISTRIBUCIÓN, ETC.
Lugar de publicación, distribución, etc. Madrid :
Nombre del editor, distribuidor, etc. [s.n.],
Fecha de publicación, distribución, etc. 1930 (
Fabricante Industrial Gráfica)
300 ## - DESCRIPCIÓN FÍSICA
Extensión 416 p. ;
Dimensiones 19 cm.
700 1# - ENTRADA AGREGADA--NOMBRE PERSONAL
Nombre de persona Fenández Flórez, W.
9 (RLIN) 49240
852 ## - LOCALIZACIÓN
Ubicación ES-MaACL
Número de control de estantería F-13959
852 ## - LOCALIZACIÓN
Ubicación ES-MaACL
Número de control de estantería A-4646
Sublocalización o colección R.16584
Holdings
Estatus retirado Estado de pérdida Estado de daño No para préstamo Biblioteca de origen Biblioteca actual Ubicación en estantería Fecha de adquisición Fuente de adquisición Total de préstamos Signatura topográfica completa Código de barras Visto por última vez Precio de reemplazo Tipo de ítem Koha
        Biblioteca del Ateneo de Madrid Biblioteca del Ateneo de Madrid Sala Pecera Planta 1 17/01/2008     A-4646 1061581 23/02/2023 23/02/2023 Libro impreso
        Biblioteca del Ateneo de Madrid Biblioteca del Ateneo de Madrid Sala Pecera Planta 2 17/01/2008     F-13959 1061580 23/02/2023 23/02/2023 Libro impreso